Score 0/11 Timer 10:00
0 Plays Today
Hint Answer % Correct
OP 1Crossing Field
97%
OP 3Ignite
78.8%
OP 2Innocence
71.7%
OP 4Courage
66.9%
OP 5Adamas
66.5%
ED 1Yume Sekai
43.5%
ED 4Shirushi
41.6%
ED 3Startear
36.8%
ED 6Iris
32.3%
ED 5No More Time Machine
31.6%
ED 2Overlfy
7.4%
Remove Ads.
Support Sporcle.
Get the best of Sporcle when you Go Orange. This ad-free experience offers more features, more stats, and more fun while also helping to support Sporcle. Thank you for becoming a member.

You're not logged in!

Compare scores with friends on all Sporcle quizzes.
OR
Log In

Show Comments

Extras

Top Quizzes Today


Score Distribution

Your Account Isn't Verified!

In order to create a playlist on Sporcle, you need to verify the email address you used during registration. Go to your Sporcle Settings to finish the process.

Report this User

Report this user for behavior that violates our Community Guidelines.

Details: